US Governors 2020 - Map Quiz - Statistics

General Stats
  • This quiz has been taken 47 times
  • The average score is 35 of 50
Answers on the Map
Answers color-coded by a green-red scale on the quiz's map according to % correct below.
 
Answer Stats
Answer % Correct
Andrew Cuomo
96%
Gavin Newsom
96%
Gretchen Whitmer
96%
Andy Beshear
92%
Brian Kemp
88%
Greg Abbott
88%
Kay Ivey
88%
Ron DeSantis
88%
Charlie Baker
84%
Chris Sununu
84%
Jared Polis
84%
JB Pritzker
84%
Larry Hogan
84%
Asa Hutchinson
80%
Jay Inslee
80%
Michelle Lujan Grisham
80%
Doug Ducey
76%
John Bel Edwards
76%
Mike DeWine
76%
Phil Murphy
76%
Roy Cooper
76%
Gina Raimondo
72%
Ralph Northam
72%
Steve Bullock
72%
Tim Walz
72%
David Ige
68%
Jim Justice
68%
Kristi Noem
68%
Tom Wolf
68%
Kate Brown
64%
Kim Reynolds
64%
Tony Evers
64%
Henry McMaster
60%
Kevin Stitt
60%
Laura Kelly
60%
Ned Lamont
60%
Janet Mills
56%
Tate Reeves
56%
Bill Lee
52%
Brad Little
52%
Eric Holcomb
52%
Phil Scott
52%
Steve Sisolak
52%
Doug Burgum
48%
Gary Herbert
48%
John Carney
48%
Mike Dunleavy
48%
Mike Parson
48%
Pete Ricketts
48%
Mark Gordon
36%
No matching quizzes found
Score Distribution
Percent of People with Each Score
Percentile by Number Answered
Your Score History
You have not taken this quiz